Cuerpo Humano por Letra - H - Estadísticas

Estadísticas generales
  • Esta prueba ha sido intentada 51 veces
  • La puntuación promedio es 10 de 15
Estadísticas de respuestas
Definición Respuesta % Correcto
Órgano grande ubicado en la parte superior del abdomen. Limpia la sangre. Hígado
95%
Cada uno de los órganos duros que en su conjunto forman el esqueleto. Hueso
95%
Hueso largo situado en el brazo entre el hombro y el codo. Húmero
95%
El cerebro tiene dos de estos (izquierdo y derecho). Hemisferios
90%
Emergencia médica que ocurre cuando la temperatura corporal baja por debajo de los 35°C. Hipotermia
88%
Inflamación del hígado. Es causada principalmente por virus (tipos A, B, C, D, E) Hepatitis
79%
Está formado por huesos, ligamentos, tendones y músculos que conectan el brazo con el torso. Hombro
71%
Agujeros que se forman en la mejilla, generalmente cuando alguien sonríe. Hoyuelos
71%
Enfermedad común donde la presión de la sangre en nuestros vasos sanguíneos es alta. Hipertensión
67%
Mensajeros químicos producidos por el sistema endocrino (glándulas). Hormona
64%
Zona del cerebro que produce hormonas. Hipotálamo
50%
Zona del cerebro que produce hormonas. Hipófisis
40%
Trastorno genético hereditario poco frecuente que impide que la sangre coagule correctamente. Hemofilia
36%
Aumento anormal del tamaño de un órgano o tejido debido al crecimiento de sus células Hipertrofia
29%
Estructura del cerebro clave para crear nuevos recuerdos y para la orientación espacial. Hipocampo
19%
No se encontraron pruebas coincidentes
Distribución de puntuación
Porcentaje de gente con cada puntuación
Porcentaje por número respondido
Historial de tus puntuaciones
No has intentado esta prueba.